Economic Growth, Environment and Green Economy

Skúmanie vzťahu medzi hospodárskym rastom, blahobytom a materiálnou stopou

Na minha lista:
Detalhes bibliográficos
Autor principal: Vidová, Jarmila, 1967-
Formato: Capítulo de Livro
Idioma:inglês
Assuntos:
Tags: Adicionar Tag
Sem tags, seja o primeiro a adicionar uma tag!

MARC

LEADER 00000naa$a2200000$$$4500
001 0300098
005 20240506130801.8
041 0 |a eng 
044 |a HR 
245 1 0 |a Economic Growth, Environment and Green Economy  |c Jarmila Vidová 
520 |a Skúmanie vzťahu medzi hospodárskym rastom, blahobytom a materiálnou stopou 
610 2 0 |a rast hospodársky 
610 2 0 |a transformácia 
610 2 0 |a prostredie životné 
610 2 0 |a ekológia 
610 2 0 |a ekonomika zelená 
100 1 |a Vidová, Jarmila, 1967-